Luca Cambiaso, 1527-1585 (Record no. 1464)

MARC details
000 -CABECERA
campo de control de longitud fija 00885nam a2200205 a 4500
001 - NÚMERO DE CONTROL
campo de control BRCA_1668
005 - FECHA Y HORA DE LA ÚLTIMA TRANSACCIÓN
campo de control 20190320203512.0
008 - DATOS DE LONGITUD FIJA--INFORMACIÓN GENERAL
campo de control de longitud fija 150508s2006----it-a---###---#000-0#eng-#
050 #4 - SIGNATURA TOPOGRÁFICA DE LA BIBLIOTECA DEL CONGRESO
Número de clasificación ND623.C3
Número de documento/Ítem .B63 2006
100 1# - ENTRADA PRINCIPAL--NOMBRE DE PERSONA
Nombre de persona Bober, Jonathan
9 (RLIN) 5202
245 10 - MENCIÓN DE TÍTULO
Título Luca Cambiaso, 1527-1585
Mención de responsabilidad, etc. edited by Jonathan Bober ; with the collaboration of Piero Boccardo ... [et al.].
260 ## - PUBLICACIÓN, DISTRIBUCIÓN, ETC.
Lugar de publicación, distribución, etc. Milán
Nombre del editor, distribuidor, etc. Silvana Editoriale
Fecha de publicación, distribución, etc. 2006
300 ## - DESCRIPCIÓN FÍSICA
Extensión 475 p.
Otras características físicas il. (algunas a color)
Dimensiones 28 cm.
500 ## - NOTA GENERAL
Nota general Catálogo de la exposición realizada en el Blaton Museum of Art, The University of Texas at Austin, 15 septiembre, 2006 - 14 enero, 2007 y en el Palazzo Ducale(Genoa), 3 marzo - 8 julio, 2007
504 ## - NOTA DE BIBLIOGRAFÍA, ETC.
Nota de bibliografía, etc. Bibliografía: p. 462-475
600 14 - PUNTO DE ACCESO ADICIONAL DE MATERIA--NOMBRE DE PERSONA
Nombre de persona Cambiaso, Luca
Fechas asociadas al nombre 1527-1585
Subdivisión de forma Exposiciones
9 (RLIN) 5203
650 14 - PUNTO DE ACCESO ADICIONAL DE MATERIA--TÉRMINO DE MATERIA
Término de materia o nombre geográfico como elemento de entrada Pintores italianos
Subdivisión de forma Catálogos
9 (RLIN) 5204
700 1# - PUNTO DE ACCESO ADICIONAL--NOMBRE DE PERSONA
Nombre de persona Boccardo, Piero
9 (RLIN) 5205
942 ## - ELEMENTOS DE PUNTO DE ACCESO ADICIONAL (KOHA)
Fuente del sistema de clasificación o colocación Library of Congress Classification
Tipo de ítem Koha Libros
Holdings
Estado de retiro Estado de pérdida Estado dañado No para préstamo Localización permanente Ubicación/localización actual Fecha de adquisición Total de préstamos Signatura topográfica completa Código de barras Fecha visto por última vez Precio válido a partir de Tipo de ítem Koha
El ejemplar forma parte de la colección y puede ser consultado según las políticas vigentes.       Biblioteca del Museo Franz Mayer (Rogerio Casas-Alatriste) Biblioteca del Museo Franz Mayer (Rogerio Casas-Alatriste) 27/06/2008   ND623.C3 .B63 2006 02241 22/03/2019 22/03/2019 Libros